Global marketing
Αποθηκεύτηκε σε:
| Κύριος συγγραφέας: | |
|---|---|
| Μορφή: | Βιβλίο |
| Γλώσσα: | English |
| Δημοσίευση: |
Harlow, England:
Pearson,
c2014.
|
| Έκδοση: | 6th ed. |
| Σειρά: | Always learning
|
| Θέματα: | |
| Ετικέτες: |
Προσθήκη ετικέτας
Δεν υπάρχουν, Καταχωρήστε ετικέτα πρώτοι!
|
MARC
| LEADER | 00000nam a2200000 a 4500 | ||
|---|---|---|---|
| 001 | 1/111794 | ||
| 008 | 160909t2014####uk | ||| |||| ||eng|| | ||
| 020 | |a 9780273773160 |q (σκληρό εξώφυλλο) | ||
| 040 | |a GR-MyUa |b gre |c GR-MyUa |e AACR2 | ||
| 041 | 0 | |a eng | |
| 082 | 7 | |a 658.84 |2 (23) | |
| 100 | 1 | |a Hollensen, Svend. | |
| 245 | 1 | 0 | |a Global marketing / |c Svend Hollensen. |
| 250 | |a 6th ed. | ||
| 260 | |a Harlow, England: |b Pearson, |c c2014. | ||
| 300 | |a xlv, 792 σ. : |b διαγρ., εικ., πίν. ; |c 27 εκ. | ||
| 504 | |a Περιλαμβάνει βιβλιογραφικές παραπομπές και ευρετήριο. | ||
| 650 | 0 | |a Export marketing | |
| 830 | 0 | |a Always learning | |
| 852 | |a INST |b CHIOS |c EUDOXUS |e 20160909 |h 658.84 HOL |p 005200037203 |q 005200037203 |t BK |y 0 | ||
| 920 | |a Εύδοξος |b Παραγγελία |y Χίος-ΤΔΕ |z 2016-05 | ||
| 970 | |a Σπέντζα |b Ελένη |z 09-09-2016 | ||